书目信息 |
| 题名: |
编程珠玑
|
|
| 作者: | 本利特 , Bentley 著 ;谢君英 , 石朝江 译 | |
| 分册: | ||
| 出版信息: | 北京 中国电力出版社 2004.04 |
|
| 页数: | 217页 | |
| 开本: | 24cm | |
| 丛书名: | 大师签名系列 | |
| 单 册: | ||
| 中图分类: | TP311.1 | |
| 科图分类: | ||
| 主题词: | 程序设计 | |
| 电子资源: | ||
| ISBN: | 7-5083-1914-1 | |
| 000 | 01082nam2 2200313 45 | |
| 001 | 012004000000 | |
| 005 | 20050111145047.00 | |
| 010 | @a7-5083-1914-1@dCNY 28.00 | |
| 100 | @a20040315d2004 em y0chiy0121 ea | |
| 101 | 0 | @achi@ceng |
| 102 | @aCN@b110000 | |
| 105 | @aak z 000yy | |
| 200 | 1 | @a编程珠玑@Abian cheng zhu ji@dProgramming pearls@e第2版@eSecond edition@f(美)本利特(Jon Bentley)著@g谢君英, 石朝江译@zeng |
| 210 | @a北京@c中国电力出版社@d2004.04 | |
| 215 | @a217页@c图, 表格@d24cm | |
| 225 | 2 | @a大师签名系列@dMaster signature series@zeng |
| 320 | @a本书含附录 | |
| 330 | @a本书内容: 开篇; 啊哈!算法; 数据结构程序; 编写正确的程序; 编程的次要问题...... | |
| 410 | 0 | @12001 @a大师签名系列 |
| 510 | 1 | @aProgramming pearls@eSecond edition@zeng |
| 510 | 1 | @aMaster signature series@zeng |
| 606 | 0 | @a程序设计 |
| 690 | @aTP311.1@v4 | |
| 701 | 1 | @a本利特@Aben li te@bJon@4著 |
| 701 | A1 | @aBentley@bJon@4著 |
| 702 | 0 | @a谢君英@Axie jun ying@4译 |
| 702 | 0 | @a石朝江@Ashi chao jiang@4译 |
| 801 | 0 | @aCN@bQSSKzyf@c20050111 |
| 905 | @a10447@dTP311.1@eB714 | |
| 编程珠玑=Programming pearls:第2版:Second edition/(美)本利特(Jon Bentley)著/谢君英, 石朝江译.-北京:中国电力出版社,2004.04 |
| 217页:图, 表格;24cm.-(大师签名系列=Master signature series) |
| ISBN 7-5083-1914-1:CNY 28.00 |
| 本书内容: 开篇; 啊哈!算法; 数据结构程序; 编写正确的程序; 编程的次要问题...... |
| ● |
| 相关链接 |
|
|
|
正题名:编程珠玑
索取号:TP311.1/B714
 
预约/预借
| 序号 | 登录号 | 条形码 | 馆藏地/架位号 | 状态 | 备注 |
| 1 | 435958 | 204359586 | 自科库301/301自科库 47排2列5层/ [索取号:TP311.1/B714] | 在馆 | |
| 2 | 435959 | 204359595 | 自科二线404/404自科库 18排6列3层/ [索取号:TP311.1/B714] | 在馆 | |
| 3 | 435960 | 204359602 | 自科库301/301自科库 47排2列5层/ [索取号:TP311.1/B714] | 在馆 |